Guia para preparar monografías (Registro nro. 937)

Detalles MARC
000 -LEADER
fixed length control field 00294nam a22001097a 4500
008 - FIXED-LENGTH DATA ELEMENTS--GENERAL INFORMATION
fixed length control field 110909t ag ||||| |||| 00| 0 spa d
020 ## - INTERNATIONAL STANDARD BOOK NUMBER
International Standard Book Number 9507246517
100 1# - MAIN ENTRY--PERSONAL NAME
Personal name Valle, Pablo
9 (RLIN) 1554
245 00 - TITLE STATEMENT
Title Guia para preparar monografías
Statement of responsibility, etc Pablo Valle
250 ## - EDITION STATEMENT
Edition statement 2a. ed.
260 ## - PUBLICATION, DISTRIBUTION, ETC. (IMPRINT)
Place of publication, distribution, etc Buenos Aires:
Name of publisher, distributor, etc Lumen
Date of publication, distribution, etc 1997
Existencias
Withdrawn status Lost status Source of classification or shelving scheme Damaged status Not for loan Location (home branch) Sublocation or collection (holding branch) Shelving location Date acquired Koha issues (times borrowed) Koha renewals Piece designation (barcode) Koha date last seen Koha date last borrowed Copy number Price effective from Koha item type Public note Coded location qualifier Nonpublic note (lost item payment)
    Dewey Decimal Classification   Not For Loan Biblioteca Medicina Biblioteca Medicina Staff Office 09/09/2011 4 6 TR050 26/09/2018 24/09/2018 Copia 09/09/2011 Libros Baja 2022. Fotocopia    

UNIVERSIDAD NACIONAL DEL COMAHUE
Biblioteca de la Facultad de Ciencias Médicas
Sede Toschi: Los Arrayanes y Av. Toschi, Cipolletti  - Rio Negro
Sede Los Tordos:  Yrigoyen al 2211, Cipolletti - Rio Negro 

Teléfono: 0299 - 4774707 int 25
Contacto: biblioteca@facimed.uncoma.edu.ar
© 2011 - 2026